Formula 1 Drivers permanent numbers - Statistics

General Stats
  • This quiz has been taken 1,811 times
    1,806 since last reset
  • The average score is 21 of 43
Answer Stats
Driver Number % Correct
Lewis Hamilton 44
99%
Daniel Ricciardo 3
93%
Max Verstappen 33
88%
Sebastian Vettel 5
88%
Kimi Räikkönen 7
87%
Carlos Sainz Jr. 55
86%
Valtteri Bottas 77
85%
Fernando Alonso 14
84%
Lando Norris 4
84%
Sergio Pérez 11
83%
Charles Leclerc 16
81%
George Russell 63
78%
Pierre Gasly 10
73%
Lance Stroll 18
69%
Nico Rosberg 6
69%
Alexander Albon 23
65%
Kevin Magnussen 20
62%
Antonio Giovinazzi 99
62%
Esteban Ocon 31
61%
Nico Hülkenberg 27
60%
Jules Bianchi 17
57%
Romain Grosjean 8
47%
Jenson Button 22
45%
Daniil Kvyat 26
34%
Felipe Massa 19
33%
Robert Kubica 88
33%
Stoffel Vandoorne 2
32%
Pastor Maldonado 13
26%
Marcus Ericsson 9
25%
Jean-Éric Vergne 25
18%
Max Chilton 4
17%
Pascal Wehrlein 94
16%
Brendon Hartley 28
15%
Adrian Sutil 99
15%
Kamui Kobayashi 10
13%
Felipe Nasr 12
13%
Esteban Gutiérrez 21
12%
Jolyon Palmer 30
12%
Sergey Sirotkin 35
10%
Rio Haryanto 88
10%
Roberto Merhi 98
8%
Will Stevens 28
6%
Alexander Rossi 53
6%
No matching quizzes found
Score Distribution
Percent of People with Each Score
Percentile by Number Answered
Your Score History
You have not taken this quiz since the last reset